|
|
|
|
| LEADER |
01233nam a22003497a 4500 |
| 001 |
mzk03000903085 |
| 003 |
CZ BrMZK |
| 005 |
20130107112420.0 |
| 007 |
ta |
| 008 |
041209s1538 gw fr|||||00| ||latod |
| 040 |
|
|
|a BOA001
|c BOA001
|b cze
|
| 041 |
0 |
|
|a lat
|a heb
|a grc
|
| 072 |
|
7 |
|a 094
|x Staré tisky
|2 Konspekt
|9 12
|
| 080 |
|
|
|a (0.068)094
|2 MRF
|
| 100 |
1 |
|
|a Eck, Johannes,
|d 1486-1543
|7 jn20040421005
|4 aut
|
| 245 |
1 |
0 |
|a Svper Aggaeo Propheta ... commentarius. Textum habes Hebraeum, Graecum, & Latinum: Commentarius ex ecclesiasticis patribus ...
|
| 260 |
|
|
|a Salingiaci :
|b Ioannes Soter,
|c 1538
|
| 300 |
|
|
|a A-P8 Q3 [= 123] listů ;
|c 8°
|
| 500 |
|
|
|a Výzdoba: Iniciály
|
| 501 |
|
|
|a Přívazek 1 k: In librum Tobiae Enarrationes ... / Fridericus Nausea
|
| 546 |
|
|
|a Text tištěn latinsky, hebrejsky a řecky
|
| 653 |
|
|
|a Aggaeus - prorok - komentáře
|
| 655 |
|
7 |
|a staré tisky
|7 fd422076
|2 czenas
|
| 903 |
|
|
|a RP
|
| 910 |
|
|
|a BOA001
|b ST1-0776.719,přív.1
|
| 978 |
|
|
|b Soter, Johann
|a Solingen
|c 1538
|
| 984 |
|
|
|a Solingen
|b Německo
|
| 985 |
|
|
|a 1501-1550
|
| 990 |
|
|
|a BK
|
| 993 |
|
|
|a Y
|
| 991 |
|
|
|k mzk
|
| 994 |
|
|
|a UP
|l MZK03
|b 000903084
|m přívazek 1
|n záznam 1. díla (pro objednání pokračujte kliknutím)
|